| 000 | 00950nam a22002897a 4500 | ||
|---|---|---|---|
| 999 |
_c29106 _d29105 |
||
| 001 | 7066010 | ||
| 003 | OSt | ||
| 005 | 20170606204333.0 | ||
| 008 | 160922b xxu||||| |||| 00| 0 eng d | ||
| 010 | _a 66020184 | ||
| 020 | _a9780451527271 | ||
| 040 |
_ammu _cmmu _dmmu _dmmu _dmmu _beng |
||
| 042 | _apremarc | ||
| 050 | 0 | 0 |
_aPR2848.A2 _bL48 1999 |
| 082 | _a821.3 | ||
| 100 | 1 |
_aShakespeare, William, _d1564-1616. |
|
| 245 | 0 | 4 |
_aThe sonnets; _cWilliam Shakespeare |
| 260 |
_aNew York : _bPenguin Groups, _c1999 |
||
| 300 | _a208 p.: | ||
| 490 | 0 | _aThe Works of Shakespeare edited for the syndics of the Cambridge University Press | |
| 490 | 0 | _a[The New Shakespeare] | |
| 504 | _aBibliographical references included in "Notes" (p. 81-267) | ||
| 650 | _aFiction | ||
| 700 | _aAuden W. H | ||
| 942 |
_2lcc _cLOAN LOAN |
||